| 000 | 01119nam a2200265 i 4500 | ||
|---|---|---|---|
| 003 | EG-ScBUE | ||
| 005 | 20230914094112.0 | ||
| 008 | 100628s2004 u f 001 0dara d | ||
| 017 | _a2004 / 21348 | ||
| 020 | _a9775867635 | ||
| 040 |
_aEG-ScBUE _bara _erda _cEG-ScBUE _dEG-ScBUE |
||
| 082 | 0 | 4 |
_222 _a920.7 _bق ل ق |
| 100 | 1 |
_aقلقيلة، عبده عبد العزيز، _eمؤلف. _915395 |
|
| 245 | 1 | 2 |
_aالتجربة الشعرية عند ابن المقرب : _bمضمونها وبناؤها الفني / _cدكتور عبده عبد العزيز قلقيله، أستاذ النقد الأدبي والبلاغة. |
| 264 | 1 |
_aالقاهرة : _bمكتبة نانسي، _c2004. |
|
| 300 |
_a370 صفحة ؛ _c24 سم |
||
| 336 |
_2rdacontent _aنص _btxt |
||
| 337 |
_2rdamedia _aبدون وسيط _bn |
||
| 338 |
_2rdacarrier _aمجلد _bnc |
||
| 500 | _aيشتمل علي كشاف. | ||
| 600 | 1 | 7 |
_aابن المقرب العيوني، علي، _d572-629 هـ. _2BUEsh |
| 650 | 7 |
_aالشعر العربي _xتاريخ _yالعصر العباسي. _2BUEsh |
|
| 655 | _vReading book | ||
| 942 |
_2ddc _cBB |
||
| 999 |
_c14270 _d14270 |
||